00546nam a22001817a 450000500170000001000250001702000260004203500270006803700160009503700140011108200120012510000220013724500630015926000290022227000680025130000250031950000200034420180503142001.0 a1718EN-30 ENG-122870 a9780670089819c399.00 aB-682483-497 EN-106402 bAakar adpl bDBAD/PUB. a954.022 aTruschke, Audrey  aAurangzeb : cby Audrey Truschke bthe man and the myth /  aGurgaon bPenguin c2017 a7th Floor, Infinity Tower C, DLF Cyber City, bGurgaon e122002 axiv,189p.c21cm(Hb)  aIncludes index